000 00600nam a2200193 a 4500
001 000017762
005 20250723150125.0
008 100331d1968 dr 000 0 spa d
040 _aDO-SdBNP
_bspa
_cBNPHU
082 _aRD868.44
_bS944m
100 1 _aSuero, Ángel Augusto
_97384
245 1 0 _aMeditaciones de un oprimido :
_bbiblia tropical /
_cÁngel Augusto Suero.
260 _aSanto Domingo :
_bArte y Cine,
_c1968.
300 _a269 p. ;
_c23 cm.
650 0 _aProsa dominicana
_912146
650 0 _aLiteratura dominicana.
_967
910 _aValidado. Control de calidad EMS.
049 _aBNPD
999 _c17287
_d17287